Statistical computing environments for social research

Αποθηκεύτηκε σε:
Λεπτομέρειες βιβλιογραφικής εγγραφής
Άλλοι συγγραφείς: Stine, Robert A. (Επιμελητής έκδοσης), Fox, John 1947- (Επιμελητής έκδοσης)
Μορφή: Βιβλίο
Γλώσσα:English
Δημοσίευση: London : Sage Publications, c1997
Θέματα:
Ετικέτες: Προσθήκη ετικέτας
Δεν υπάρχουν, Καταχωρήστε ετικέτα πρώτοι!

MARC

LEADER 00000nam a2200000 i 4500
001 1/97114
008 991216s1997 eng d
020 |a 0-7619-0270-8 
035 |l 10056014 
040 |a GR-MY-UA  |b gre  |e aacr 
041 0 |a eng 
082 0 |a 300.285 
245 1 0 |a Statistical computing environments for social research /  |c Robert Stine, John Fox, editors 
260 |a London :   |b Sage Publications,   |c c1997 
300 |a 250 p.  |b fig. 
504 |a Includes bibliographical references and index 
650 0 0 |a Social sciences  |x Statistical methods  |x Computer programs. 
700 1 |a Stine, Robert A.  |4 edt 
700 1 |a Fox, John  |d 1947-  |4 edt 
852 |a INST  |b LESVOS  |e 19991216  |h 300.285 STA  |p 005100018786  |q 005100018786  |t BK  |y 0 
901 |a BIBL1-2000-1 
909 |a Λ  |b 071476 
922 |a 1ΕΛΗ  |b 199912  |c ΚΠΣ/ΠΜΣ  |d ΠΑΠΑΣΩΤΗΡΙΟΥ 
950 |a 157-1999-08-24 
970 |a ΜΟΥΣΤΑΚΑ  |b ΠΗΝΕΛΟΠΗ  |z 2000/01/21